Statistiken für K.I.Z - Neuruppin (lyrics)

Klicken Sie hier um das Quiz zu spielen!

Allgemein

  • Dieses Quiz wurde 47 mal gespielt
  • Das Durchschnittsergebnis liegt bei 278 aus 456

Antwortstatistiken

Antwort% Korrekt
Da
97%
In
97%
in
97%
ein
94%
Haus
94%
ich
94%
Ich
94%
ist
94%
Ist
94%
'ne
94%
mach'
90%
Neuruppin
87%
und
87%
Und
87%
an
81%
An
81%
das
81%
Das
81%
den
81%
die
81%
Die
81%
Du
81%
du
81%
es
81%
Es
81%
hin
81%
Jede
81%
dein
77%
Dein
77%
der
77%
dich
77%
Hab'
77%
hab'
77%
jeden
77%
raus
77%
alt
74%
Alte
74%
Doch
74%
doch
74%
fahr'
74%
im
74%
Im
74%
kalt
74%
Meine
74%
meine
74%
nach
74%
nur
74%
Nur
74%
See
74%
sie
74%
Sie
74%
Sonntag
74%
ziemlich
74%
aus
71%
bei
71%
Bei
71%
Denn
71%
Mit
71%
mit
71%
nicht
71%
nichts
71%
nix
71%
Wo
71%
wo
71%
auf
68%
creepe
68%
Deine
68%
durch
68%
Durch
68%
er
68%
gedacht
68%
habe
68%
Hand
68%
Jahre
65%
letzten
65%
machen
65%
mich
65%
Nachbarschaft
65%
Spinnenmann!
65%
Spinnenmann
65%
auch
61%
bin
61%
Blut
61%
Herz
61%
ihn
61%
kann
61%
kein
61%
meiner
61%
sind
61%
zu
61%
bedrohen
58%
Beine
58%
deinem
58%
dem
58%
für
58%
gefesselt
58%
gut
58%
hundert
58%
mir
58%
nehm'
58%
ob
58%
Stichwaffen
58%
beiden
55%
deins
55%
dort
55%
Dort
55%
dunkel,
55%
findest
55%
Hände
55%
Hölle
55%
keins
55%
langsam
55%
Licht
55%
Mitte
55%
schwimmen
55%
spüre
55%
Trumpf
55%
Vater
55%
vor
55%
Wachst
55%
Zeig
55%
Zombies
55%
ausgehungerter
52%
Außer
52%
bisschen
52%
einen
52%
Gesicht
52%
Klinge
52%
lange
52%
Raums
52%
suchst
52%
Sumpf
52%
überprüfe
52%
unter
52%
Adrenalinschub
48%
Am
48%
am
48%
Aufblitzen
48%
breche
48%
Dämon
48%
einem
48%
eines
48%
Finger,
48%
Hackebeil
48%
hassen
48%
hektisch
48%
Mal
48%
mal
48%
sieht
48%
wird
48%
bade
45%
begeh'
45%
beiße
45%
Degenerierter
45%
dunklen
45%
einer
45%
Eltern
45%
Ende
45%
gibt
45%
ham'
45%
Kuba,
45%
Mord
45%
Nacht
45%
Ort
45%
Psychopath,
45%
Schlimmer
45%
SM-Ledermaske
45%
zum
45%
deinen
42%
hinein
42%
Höllentrip
42%
Hunger,
42%
jedes
42%
Komm
42%
Leiche
42%
liebsten
42%
schmeckt
42%
Schnitt
42%
spiel
42%
Spritz
42%
Stück
42%
Tetris
42%
Verfluchtes
42%
von
42%
ziehe
42%
666g
39%
Dieb
39%
Dorf
39%
fahren
39%
Geburt
39%
gefrorenen
39%
gelogen
39%
gewogen
39%
ihr
39%
Kadavern
39%
Leichen
39%
Maden
39%
Meer
39%
müsst
39%
musst
39%
nass
39%
Satan
39%
vergrabe
39%
verspeisen
39%
Wut
39%
Zumindest
39%
zurück
39%
ans
35%
Arterien
35%
Crew
35%
daneben
35%
Decke
35%
ekelhaften
35%
endet
35%
jeder
35%
Jeder
35%
Keller
35%
kennt
35%
Kopf
35%
Leben
35%
lieben
35%
Lied
35%
mitnehme,
35%
Narbenmann
35%
Rache-Akt
35%
Reißverschluss
35%
schon
35%
Skinhead-Black
35%
Sonst
35%
Straßenrand
35%
Talisman
35%
vergammeln
35%
verscheuchen
35%
wenn
35%
wolltest
35%
zwischen
35%
Alle
32%
blutige
32%
Cherie
32%
feucht
32%
finden
32%
Hausverbot
32%
Hinterwäldler
32%
immer
32%
jemals
32%
Keiner
32%
konnten
32%
Legende
32%
Tut
32%
Verbrechen
32%
verstecke
32%
ausgestopft
29%
Bett
29%
Damen
29%
drin
29%
Frauen
29%
Haustür
29%
Körper
29%
lächeln
29%
mag
29%
Maschinen
29%
nett,
29%
Opfer
29%
Scherenhände
29%
Stahl
29%
Trauerweiden
29%
verhexten
29%
waren
29%
Amulett
26%
Autobahn
26%
büßen
26%
Dafür
26%
genug
26%
hast
26%
Herzrasen?
26%
kalte
26%
ohrfeige
26%
Piepen
26%
Platz
26%
Rauscht
26%
Richtung
26%
Überall
26%
fessle
23%
Fontänen
23%
Kofferraum
23%
Teile
23%
Warum
23%
greife
19%
klopfen
19%
Säcke
19%
verpacke
19%
Lenker
16%
Wallachhei
16%
zerstückelt
10%

Verteilung der Resultate

Perzentil nach korrekt beantworteten Fragen

Anzahl Personen mit jedem Resultat

Ihre Resultats-Entwicklung

Sie haben dieses Quiz noch nicht gespielt